116 thắc mắc cơ bản khi nuôi bò sữa

שמור ב:
מידע ביבליוגרפי
מחבר ראשי: Việt Chương
פורמט: ספר
שפה:Undetermined
יצא לאור: Đà Nẵng Đà Nẵng 2003
נושאים:
תגים: הוספת תג
אין תגיות, היה/י הראשונ/ה לתייג את הרשומה!
Thư viện lưu trữ: Trung tâm Học liệu Trường Đại học Cần Thơ
LEADER 00561nam a2200193Ia 4500
001 CTU_57122
008 210402s9999 xx 000 0 und d
020 |b 11000 
082 |a 636.214 
082 |b V308 
100 |a Việt Chương 
245 0 |a 116 thắc mắc cơ bản khi nuôi bò sữa 
245 0 |c Việt Chương và Nguyễn Văn Chương 
260 |a Đà Nẵng 
260 |b Đà Nẵng 
260 |c 2003 
650 |a dairy cattle 
904 |i Minh 
980 |a Trung tâm Học liệu Trường Đại học Cần Thơ